000 01072njm a2200253 i 4500
001 4729
003 ES-MaACL
007 s|r|||||||||||
008 070809s1975 sp ||| g ||||||||1|nspa d
100 1 _aVilar Domínguez, E.
_9114806
245 1 0 _aDiagnóstico de la esterilidad matrimonial [
_hGrabación sonora] /
_cinterviene el Dr. E. Vilar Domínguez.
260 _aMadrid :
_bAteneo de Madrid,
_c1975.
300 _a1 disco (CD-DA) (1 h. 17 min. 22 seg.) ;
_c12 cm.
490 1 _aCiclo sobre ginecología y sociedad
500 _aDatos basados en la invitación.
518 _aActo organizado por el Aula de Medicina del Ateneo de Madrid, grabado en la sala de conferencias el martes 11 de noviembre de 1975, a las 20:00 h.
610 2 7 _aAteneo de Madrid-
_xActos culturales-
_y1975-
_vGrabaciones sonoras.
_91885
650 1 4 _aEsterilidad.
_912534
710 2 _aAteneo de Madrid.
_bAula de Medicina.
_91947
830 0 _aCiclo sobre ginecología y sociedad
_9177150
852 _aES-MaACL
_cROT
_jROT 3/4/17
_94846
942 _2udc
_cCDROM
999 _c4729
_d4729